00601nam a22001577a 450000500170000001000150001702000260003203500140005803700130007208200100008510000180009524501970011326000450031027000630035530000250041820170216152412.0 aENG-117274 a9788183227940c195.00 aEN-100806 bDBAD/PUB a154.2 aMurphy,Joseph aPutting the power of your subconscious mind to work :cby Debanjan Kundu [and] Simantini Sircarbhow to reach new heights of success in your career using the power of your subconscious mind /  aNew DelhibManjul Publishing Housec2017 a7/32,Ground Floor,Ansari Road,DaryaganjbNew Delhie110002 axv,226p. c21cm(pbk)